00731nam a22002297a 450000500170000001000110001702000100002803500110003803700160004904000120006508200150007710000260009224501340011826000400025227000400029230000280033249000470036050000190040765000250042665000210045170000290047220170124105910.0 a999275 c00.00 a999275 bCen Lib/Ret aDPLbEN a615.2bBHA aBhagwan Dash, Vaidya  aBasic principles of ayurveda :cby Vaidya Bhagwan Dash [and] Vaidya Lalitesh Kashyapbbased on ayurveda saukhyam of todarananda / aNew DelhibConcept Publishingc1980 aH-13, bali nagarbNew Delhie110015 axxvii, 627p. c21cm(Hb) aTodarananda Ayurveda Saukhyam of Series, 2 aIncludes index aTreatment zAyurveda aAyurveda sukhyam aKashyap, Vaidya Lalitesh